00286nam a2200121Ia 4500008004100000041000800041082001200049100001500061245000900076260004400085300002400129365001100153240624s9999 xx 000 0 und d aeng a823 SIN aSINGH NEHA aSOUL c2011aNew DelhibIndra Publishing House a192 : p. : cm. ; 17 cRSb25